[Event "Plzen op 6th"]
[Site "Plzen"]
[Date "2014.11.27"]
[Round "5"]
[White "Soutner, Jaroslav"]
[Black "Malek, Milan"]
[Result "1/2-1/2"]
[WhiteElo "1771"]
[BlackElo "1671"]
[PlyCount "48"]
[EventDate "2014.11.23"]
[EventType "swiss"]
[EventRounds "7"]
[EventCountry "CZE"]
[SourceTitle "CBM 163 Extra"]
[Source "ChessBase"]
[SourceDate "2014.12.23"]
[SourceVersion "1"]
[SourceVersionDate "2014.12.23"]
[SourceQuality "1"]

1. e4 c5 2. Ne2 Nc6 3. d4 cxd4 4. Nxd4 g6 5. Nc3 Bg7 6. Be3 Nf6 7. Bc4 0-0 8. Bb3 a5 9. f3 d6 10. Qd2 Bd7 11. 0-0-0 Rc8 12. h4 h5 13. Rhg1 Ne5 14. Nd5 Nxd5 15. Bxd5 Nc4 16. Bxc4 Rxc4 17. g4 hxg4 18. fxg4 e5 19. Nf3 Rxe4 20. Ng5 Rxg4 21. Qxd6 Rxg1 22. Rxg1 Bf5 23. Qxd8 Rxd8 24. Nf3 e4 1/2-1/2